[Event "World Senior Teams +50"]
[Site "Radebeul GER"]
[Date "2016.06.26"]
[Round "1.28"]
[Board "2"]
[White "Kuhne, Detlev"]
[Black "Ilyes, Peter"]
[Result "1/2-1/2"]
[WhiteElo "2085"]
[BlackElo "1810"]
[WhiteTeam "Stiftung BSW / DBAG II"]
[BlackTeam "Norway Mix"]
[WhiteFideId "4642872"]
[BlackFideId "1524305"]
[EventDate "2016.06.26"]

1. Nf3 Nf6 2. c4 g6 3. g3 Bg7 4. Bg2 O-O 5. O-O d5 6. cxd5 Nxd5 7. e4 Nb4 8. d4
c5 9. a3 N4c6 10. dxc5 Qa5 11. Qc2 Na6 12. Be3 e5 13. Nbd2 Be6 14. b4 Qb5 15.
Rfc1 Nd4 16. Bxd4 exd4 17. Bf1 Qe8 18. Rab1 Rc8 19. Nc4 Qd8 20. Nd6 Qf6 21. Nd2
Nb8 22. Nxc8 Rxc8 23. Qd3 Nc6 24. f4 g5 25. b5 Ne7 26. f5 Bd7 27. a4 g4 28. Nb3
Rd8 29. Na5 Bc8 30. c6 b6 31. Nc4 h5 32. Ra1 h4 33. a5 hxg3 34. hxg3 bxa5 35.
Rxa5 Nxf5 36. Rxa7 Bh6 37. Rd1 Ne3 38. c7 Re8 39. Re1 Qf3 40. Nxe3 Bxe3+ 41.
Rxe3 dxe3 42. Qe2 Qxg3+ 43. Qg2 Qd6 44. Be2 Qc5 45. Ra1 Re6 46. Ra8 Qc1+ 47. Qf1
Qxc7 48. Qg2 1/2-1/2

[Event "World Senior Teams +50"]
[Site "Radebeul GER"]
[Date "2016.06.26"]
[Round "1.28"]
[Board "3"]
[White "Bjorgvik, Jan Arne"]
[Black "Stahr, Ralf-Peter"]
[Result "0-1"]
[WhiteElo "1803"]
[BlackElo "2018"]
[WhiteTeam "Norway Mix"]
[BlackTeam "Stiftung BSW / DBAG II"]
[WhiteFideId "1503766"]
[BlackFideId "4661745"]
[EventDate "2016.06.26"]

1. e4 c5 2. Nf3 Nc6 3. d4 cxd4 4. Nxd4 g6 5. Be2 Bg7 6. Be3 Nf6 7. Nc3 O-O 8.
O-O d6 9. Qd2 Ng4 10. Bxg4 Bxg4 11. Nxc6 bxc6 12. Bh6 Bxh6 13. Qxh6 Rb8 14. Rab1
Qa5 15. h3 Be6 16. a3 Qc5 17. Qe3 Qxe3 18. fxe3 Rb6 19. b4 Ra8 20. a4 Rab8 21.
b5 cxb5 22. axb5 Bc4 23. Rfd1 Bxb5 24. Nd5 R6b7 25. Rb2 Kf8 26. Rdb1 Bc6 27.
Rxb7 Rxb7 28. Ra1 Bb5 29. Kf2 a6 30. Nc3 e6 31. Nxb5 axb5 32. Rb1 Ke7 33. Rb4
Kd7 34. Ke2 Kc6 35. Kd3 Kc5 36. c3 Ra7 37. Rb2 Ra1 38. Rf2 Ra7 39. Rb2 f5 40.
exf5 gxf5 41. Rd2 Rg7 42. Re2 Rg3 43. Kd2 Kc4 44. Rf2 e5 45. Re2 Rg8 46. Kc2 Ra8
47. Kb2 Kd3 48. Rf2 f4 49. exf4 e4 50. Rf1 Ke2 51. Rc1 e3 52. Kb3 Kd2 53. Rg1 e2
54. Kb4 Rc8 55. g4 e1=Q 56. Rxe1 Kxe1 0-1

[Event "World Senior Teams +50"]
[Site "Radebeul GER"]
[Date "2016.06.27"]
[Round "2.1"]
[Board "1"]
[White "Kyas, Juergen"]
[Black "Olafsson, Helgi"]
[Result "1/2-1/2"]
[BlackTitle "GM"]
[WhiteElo "2190"]
[BlackElo "2543"]
[WhiteTeam "SV Eiche Reichenbrand"]
[BlackTeam "Iceland"]
[WhiteFideId "4618157"]
[BlackFideId "2300010"]
[EventDate "2016.06.26"]

1. e4 c5 2. Nf3 Nc6 3. d4 cxd4 4. Nxd4 Qb6 5. Nb3 Nf6 6. Nc3 e6 7. Be3 Qc7 8.
Bd3 d6 9. f4 a6 10. a4 b6 11. Qe2 Be7 12. O-O O-O 13. g4 Nd7 14. g5 Re8 15. Rf3
Bf8 16. Raf1 Bb7 17. Rh3 g6 18. Qf2 Nc5 19. Qh4 1/2-1/2

[Event "World Senior Teams +50"]
[Site "Radebeul GER"]
[Date "2016.06.27"]
[Round "2.1"]
[Board "3"]
[White "Doering, Hans-Ulrich"]
[Black "Arnason, Jon L"]
[Result "0-1"]
[BlackTitle "GM"]
[WhiteElo "2131"]
[BlackElo "2490"]
[WhiteTeam "SV Eiche Reichenbrand"]
[BlackTeam "Iceland"]
[WhiteFideId "24642495"]
[BlackFideId "2300036"]
[EventDate "2016.06.26"]

1. d4 Nf6 2. Nf3 b6 3. Bf4 Bb7 4. e3 g6 5. h3 Bg7 6. Be2 O-O 7. Nbd2 c5 8. c3 d6
9. O-O Nc6 10. a3 Qc7 11. Bg3 e5 12. dxe5 Nxe5 13. Nxe5 dxe5 14. Bf3 Rfe8 15.
Qa4 Bxf3 16. Nxf3 c4 17. Bxe5 Rxe5 18. Nxe5 Qxe5 19. Qxc4 Bf8 20. Qf4 Qe6 21.
Rfd1 Rc8 22. Rd2 Kg7 23. Rad1 Be7 24. Rd4 Qb3 25. R1d2 Bc5 26. R4d3 Re8 27. Qf3
Ne4 28. Qd1 Nxd2 29. Qxd2 a5 30. Rd7 Re5 31. Kh2 a4 32. Rd8 Qe6 33. Qd1 Rf5 34.
Qd2 Qf6 35. Kg1 Rxf2 0-1

[Event "World Senior Teams +50"]
[Site "Radebeul GER"]
[Date "2016.06.27"]
[Round "2.1"]
[Board "4"]
[White "Olafsson, Fridrik"]
[Black "Koetzsch, Ulrich"]
[Result "1/2-1/2"]
[WhiteTitle "GM"]
[WhiteElo "2377"]
[BlackElo "2106"]
[WhiteTeam "Iceland"]
[BlackTeam "SV Eiche Reichenbrand"]
[WhiteFideId "2300052"]
[BlackFideId "4689771"]
[EventDate "2016.06.26"]

1. Nf3 f5 2. g3 g6 3. Bg2 Bg7 4. d4 c6 5. O-O Nh6 6. c4 O-O 7. Nc3 Nf7 8. e4 d6
9. exf5 Bxf5 10. h3 Na6 11. g4 Bd7 12. Ne4 Nc7 13. Qe2 e5 14. dxe5 dxe5 15. Nfg5
Ne6 16. Nxe6 1/2-1/2

[Event "World Senior Teams +50"]
[Site "Radebeul GER"]
[Date "2016.06.27"]
[Round "2.2"]
[Board "1"]
[White "Nunn, John D M"]
[Black "Denk, Adolf"]
[Result "1-0"]
[WhiteTitle "GM"]
[BlackTitle "FM"]
[WhiteElo "2597"]
[BlackElo "2256"]
[WhiteTeam "England 1"]
[BlackTeam "Austria"]
[WhiteFideId "400017"]
[BlackFideId "1600990"]
[EventDate "2016.06.26"]

1. e4 c5 2. Nf3 d6 3. d4 cxd4 4. Nxd4 Nf6 5. Nc3 a6 6. f3 e6 7. Be3 Qc7 8. Qd2
Nbd7 9. g4 h6 10. h4 Ne5 11. Rg1 g6 12. g5 hxg5 13. hxg5 Nfd7 14. O-O-O b5 15.
f4 Nc4 16. Bxc4 Qxc4 17. b3 Qc7 18. f5 Ne5 19. Rh1 Rxh1 20. Rxh1 gxf5 21. exf5
Bb7 22. Rh8 exf5 23. Ndxb5 axb5 24. Nxb5 Qd7 25. Nxd6+ Ke7 26. Bc5 Ke6 27. Nxb7
Qxd2+ 28. Kxd2 Ng6 29. Rh7 Rb8 30. Bxf8 Rxb7 31. Bc5 f4 32. a4 Kd5 33. b4 Ke4
34. a5 Rd7+ 35. Kc3 f3 36. a6 Nf4 37. a7 Nd5+ 38. Kc4 Rd8 39. Rxf7 Ne3+ 40. Bxe3
Kxe3 41. b5 f2 42. b6 Rd4+ 43. Kb3 1-0

[Event "World Senior Teams +50"]
[Site "Radebeul GER"]
[Date "2016.06.27"]
[Round "2.2"]
[Board "2"]
[White "Druckenthaner, Andreas"]
[Black "Speelman, Jon S"]
[Result "0-1"]
[WhiteTitle "FM"]
[BlackTitle "GM"]
[WhiteElo "2281"]
[BlackElo "2523"]
[WhiteTeam "Austria"]
[BlackTeam "England 1"]
[WhiteFideId "1600567"]
[BlackFideId "400033"]
[EventDate "2016.06.26"]

1. e4 g6 2. d4 Bg7 3. Nc3 d6 4. Nf3 Nf6 5. g3 O-O 6. Bg2 c5 7. h3 cxd4 8. Nxd4
Bd7 9. O-O Nc6 10. Be3 Ne5 11. b3 Qc8 12. Qd2 Bxh3 13. f3 Re8 14. Nde2 a6 15. a4
Bxg2 16. Kxg2 Ned7 17. Rad1 Qc7 18. Nd5 Nxd5 19. exd5 b5 20. axb5 axb5 21. Bd4
Nf6 22. Ra1 Qb7 23. c4 bxc4 24. bxc4 Qb3 25. Qc3 Qxc3 26. Nxc3 Rac8 27. Ra4 Nd7
28. Rd1 Bxd4 29. Rxd4 Ra8 30. Rb4 Ra3 31. Nb1 Ra2+ 32. Rd2 Rea8 33. Rbb2 R2a7
34. Rb4 Rc8 35. f4 Nf6 36. Re2 h5 37. Nd2 Ra2 38. Kf3 Rca8 39. Rb3 Ng4 40. Rc3
Kf8 41. Ne4 R8a3 42. Rxa2 Rxa2 43. Rd3 Rh2 44. Nc3 Rc2 0-1

[Event "World Senior Teams +50"]
[Site "Radebeul GER"]
[Date "2016.06.27"]
[Round "2.2"]
[Board "3"]
[White "Hebden, Mark L"]
[Black "Ernst, Michael"]
[Result "1-0"]
[WhiteTitle "GM"]
[WhiteElo "2510"]
[BlackElo "2134"]
[WhiteTeam "England 1"]
[BlackTeam "Austria"]
[WhiteFideId "400084"]
[BlackFideId "1618393"]
[EventDate "2016.06.26"]

1. d4 Nf6 2. Bg5 e6 3. Nf3 d5 4. Nbd2 h6 5. Bf4 Bd6 6. e3 Bxf4 7. exf4 O-O 8.
Bd3 b6 9. Qe2 a5 10. Ne5 Ba6 11. Bxa6 Nxa6 12. O-O c5 13. c3 Qc7 14. Ndf3 Rfb8
15. Rac1 b5 16. Rfd1 Rb7 17. dxc5 Nxc5 18. Nd4 Qb6 19. Qe3 Rc8 20. f5 Nce4 21.
fxe6 fxe6 22. f3 Nd6 23. Re1 Re8 24. b3 Nf5 25. Qf2 Nxd4 26. cxd4 Rc7 27. Rc5
Rec8 28. Rec1 Qd6 29. Qe3 Rxc5 30. dxc5 Qe7 31. c6 Qd6 32. Qd4 Ne8 33. h4 Nc7
34. g4 b4 35. Re1 Na6 36. Kg2 Nb8 37. Qa7 Nxc6 38. Qf7+ Kh7 39. Qg6+ Kg8 40. Nf7
Qe7 41. Nxh6+ Kf8 42. Rxe6 1-0

[Event "World Senior Teams +50"]
[Site "Radebeul GER"]
[Date "2016.06.27"]
[Round "2.2"]
[Board "4"]
[White "Gattermayer, Robert"]
[Black "Flear, Glenn C"]
[Result "0-1"]
[BlackTitle "GM"]
[WhiteElo "2003"]
[BlackElo "2450"]
[WhiteTeam "Austria"]
[BlackTeam "England 1"]
[WhiteFideId "1602870"]
[BlackFideId "400165"]
[EventDate "2016.06.26"]

1. e4 e5 2. Nf3 Nc6 3. d4 exd4 4. Bc4 Bc5 5. c3 Nf6 6. e5 d5 7. Bb5 Ne4 8. Nxd4
O-O 9. Bxc6 bxc6 10. O-O f6 11. b4 fxe5 12. bxc5 exd4 13. Qxd4 Ba6 14. Re1 Rxf2
15. Nd2 Qg5 16. g3 Qh5 17. h4 Raf8 18. c4 Nxd2 19. Bxd2 Qf3 0-1

[Event "World Senior Teams +50"]
[Site "Radebeul GER"]
[Date "2016.06.27"]
[Round "2.3"]
[Board "1"]
[White "Strutinskaia, Galina"]
[Black "Jakel, Wolfgang"]
[Result "1/2-1/2"]
[WhiteTitle "WGM"]
[WhiteElo "2237"]
[BlackElo "2204"]
[WhiteTeam "Russia Women"]
[BlackTeam "VSG 1880 Offenbach"]
[WhiteFideId "4108558"]
[BlackFideId "4625676"]
[EventDate "2016.06.26"]

1. Nf3 d5 2. d4 c5 3. e3 Nc6 4. c4 e6 5. Nc3 Nf6 6. a3 dxc4 7. Bxc4 a6 8. Be2
Qc7 9. O-O b5 10. dxc5 Bxc5 11. b4 Be7 12. Bb2 Bb7 13. Rc1 O-O 14. Qc2 Qb6 15.
Ne4 Nxe4 16. Qxe4 Rac8 17. h4 Rfd8 18. Ng5 Bxg5 19. hxg5 Rd2 20. Bd3 Rxb2 21.
Qxh7+ Kf8 22. Qh8+ Ke7 23. Qxg7 Rd2 24. Qf6+ Kd6 25. Qc3 Rxd3 1/2-1/2

[Event "World Senior Teams +50"]
[Site "Radebeul GER"]
[Date "2016.06.27"]
[Round "2.3"]
[Board "2"]
[White "Hoehn, Michael"]
[Black "Mednikova, Svetlana"]
[Result "1/2-1/2"]
[BlackTitle "WGM"]
[WhiteElo "2069"]
[BlackElo "2180"]
[WhiteTeam "VSG 1880 Offenbach"]
[BlackTeam "Russia Women"]
[WhiteFideId "4622693"]
[BlackFideId "4109961"]
[EventDate "2016.06.26"]

1. Nf3 d5 2. b3 Nf6 3. Bb2 g6 4. g3 Bg7 5. Bg2 O-O 6. d4 Bf5 7. O-O Qc8 8. c4 c6
9. Re1 Rd8 10. cxd5 cxd5 11. Nc3 Nc6 12. Ne5 Nxe5 13. dxe5 Ne4 14. Na4 b5 15.
Rc1 Qb8 16. Nc5 Bxe5 17. Bxe5 Qxe5 18. Nd3 Qd6 19. f3 Qb6+ 20. e3 h5 21. Ne5 Nf6
22. h3 Rac8 23. Rxc8 Bxc8 24. Qd4 Qxd4 25. exd4 Kf8 26. g4 hxg4 27. hxg4 g5 28.
Rc1 Be6 29. Bf1 a6 30. Rc6 Ra8 31. Kf2 Ke8 32. Rxa6 Rb8 33. b4 Bd7 34. Nd3 Kd8
35. Ra7 Bc6 36. Ne5 Be8 37. Bd3 Rb6 38. Bf5 e6 39. Bd3 Nd7 40. Ra8+ Ke7 41. Ke3
f6 42. Nxd7 1/2-1/2

[Event "World Senior Teams +50"]
[Site "Radebeul GER"]
[Date "2016.06.27"]
[Round "2.3"]
[Board "3"]
[White "Kozlovskaya, Valentina"]
[Black "Trumpp, Lothar"]
[Result "1/2-1/2"]
[WhiteTitle "WGM"]
[WhiteElo "2218"]
[BlackElo "2037"]
[WhiteTeam "Russia Women"]
[BlackTeam "VSG 1880 Offenbach"]
[WhiteFideId "4107098"]
[BlackFideId "4673514"]
[EventDate "2016.06.26"]

1. d4 Nc6 2. Nf3 e6 3. e4 d6 4. c4 e5 5. dxe5 dxe5 6. Qxd8+ Kxd8 7. a3 f6 8. Be3
Nce7 9. Nc3 c6 10. h3 Be6 11. O-O-O+ Kc7 12. Be2 Nh6 13. g3 Nf7 14. Nd2 b6 15.
f4 Rd8 16. f5 Bc8 17. c5 b5 18. b4 g6 19. g4 Bh6 20. Bxh6 Nxh6 21. h4 Nf7 22.
Rdf1 Ng8 23. Nf3 Ne7 24. Ne1 gxf5 25. gxf5 Rhg8 26. Rfg1 Bd7 27. Nd1 Nh6 28. Nf2
Rdf8 29. Nc2 Be8 30. Ne3 Rxg1+ 31. Rxg1 Rg8 32. Rxg8 Nexg8 33. Kd2 Bf7 34. Nf1
Kd7 35. Ng3 Ke7 36. Bd1 Kd7 37. Nh3 Ke7 38. Ng5 Bc4 39. Nxh7 Nf7 40. Bh5 Ngh6
41. Bg6 Nh8 42. Nh5 Ng8 43. Ng7 Bf7 44. Bxf7 Nxf7 45. Ne6 Nfh6 46. Nhf8 Nf7 47.
Ng6+ Ke8 48. Ng7+ Kd8 49. Nh5 Ke8 50. Ng3 Nfh6 51. Nf1 Ng4 52. Ke2 N4h6 53. Kf3
Nf7 54. Nd2 Ngh6 55. Nb3 Nd8 56. Na5 Kf7 57. h5 Ke8 58. Nh4 Kd7 59. Kg3 Ke8 60.
Nf3 Kf7 61. Nh2 Kg7 62. Ng4 Nxg4 63. Kxg4 Kh6 64. Kh4 Kg7 65. Nb3 Nf7 66. Nd2
Ng5 67. Nb3 Nf7 1/2-1/2

[Event "World Senior Teams +50"]
[Site "Radebeul GER"]
[Date "2016.06.27"]
[Round "2.3"]
[Board "4"]
[White "Weiss, Matthias"]
[Black "Sazonova, Elena N."]
[Result "1/2-1/2"]
[BlackTitle "WIM"]
[WhiteElo "2043"]
[BlackElo "2176"]
[WhiteTeam "VSG 1880 Offenbach"]
[BlackTeam "Russia Women"]
[WhiteFideId "4638190"]
[BlackFideId "4109767"]
[EventDate "2016.06.26"]

1. e4 c5 2. c3 Nf6 3. e5 Nd5 4. d4 cxd4 5. Bc4 Nb6 6. Bb3 d5 7. exd6 Qxd6 8. Nf3
Nc6 9. O-O Be6 10. Nxd4 Nxd4 11. cxd4 Bxb3 12. Qxb3 e6 13. Nc3 Qb4 14. Be3 Be7
15. d5 Qxb3 16. axb3 Nxd5 17. Nxd5 exd5 18. Rfd1 O-O 19. Rxd5 Rfd8 20. Rxd8+
Rxd8 21. Bxa7 Rd3 22. Be3 f5 23. g3 Rxb3 24. Bd4 1/2-1/2

[Event "World Senior Teams +50"]
[Site "Radebeul GER"]
[Date "2016.06.27"]
[Round "2.4"]
[Board "1"]
[White "Gempe, Thomas"]
[Black "Vaganian, Rafael A"]
[Result "0-1"]
[WhiteTitle "FM"]
[BlackTitle "GM"]
[WhiteElo "2206"]
[BlackElo "2577"]
[WhiteTeam "Schachfreunde Leipzig 50+"]
[BlackTeam "Armenia"]
[WhiteFideId "4615638"]
[BlackFideId "13300016"]
[EventDate "2016.06.26"]

1. d4 Nf6 2. c4 c5 3. d5 b5 4. cxb5 a6 5. bxa6 g6 6. Nc3 Bg7 7. e4 O-O 8. Nf3
Qa5 9. Bd2 Bxa6 10. a4 Bxf1 11. Kxf1 e6 12. g3 exd5 13. exd5 Qa6+ 14. Kg2 Qb7
15. Qe2 Na6 16. Qb5 Ra7 17. Rhd1 d6 18. Bf4 Rd8 19. Qxb7 Rxb7 20. Nb5 Ne8 21.
Nd2 Nac7 22. Nxc7 Nxc7 23. Nc4 Rb4 24. Nxd6 Rd7 25. Rac1 Bd4 26. Nc4 Nxd5 27.
Be3 Bxe3 28. fxe3 Rxa4 29. e4 Rxc4 30. Rxd5 Rxc1 31. Rxd7 Rc2+ 32. Kf3 Rxh2 33.
Rb7 h5 34. Kf4 Rf2+ 35. Ke3 Rc2 36. Kf4 Kg7 37. e5 Rc4+ 38. Kf3 Kf8 39. Rc7 g5
40. Kg2 Rc2+ 41. Kf3 Rxb2 42. Rxc5 Rb3+ 43. Kf2 Kg7 44. e6 Kf6 45. Rc8 Rb7 46.
Ke3 Rb5 47. Re8 Re5+ 48. Kf3 Kg6 49. Kg2 g4 50. Kf2 Kf5 51. e7 Kf6 0-1

[Event "World Senior Teams +50"]
[Site "Radebeul GER"]
[Date "2016.06.27"]
[Round "2.4"]
[Board "2"]
[White "Anastasian, Ashot"]
[Black "Pruefer, Friedbert"]
[Result "1/2-1/2"]
[WhiteTitle "GM"]
[WhiteElo "2532"]
[BlackElo "2165"]
[WhiteTeam "Armenia"]
[BlackTeam "Schachfreunde Leipzig 50+"]
[WhiteFideId "13300059"]
[BlackFideId "24699772"]
[EventDate "2016.06.26"]

1. d4 Nf6 2. c4 e5 3. dxe5 Ng4 4. Nf3 Bc5 5. e3 Nc6 6. Be2 O-O 7. O-O Re8 8. Nc3
Ngxe5 9. b3 Nxf3+ 10. Bxf3 Ne5 11. Bb2 a5 12. Nd5 Ra6 13. g3 Nxf3+ 14. Qxf3 Rh6
15. h4 c6 16. Nf4 Be7 17. Rfd1 d6 18. Rd2 Bf6 19. Bxf6 Qxf6 20. Rad1 Bf5 21. Rd4
Qe7 22. Qe2 c5 23. R4d2 Be4 24. f3 Bc6 25. Kf2 g5 26. hxg5 Rh2+ 27. Ng2 Qxg5 28.
e4 f5 29. Rd5 Bxd5 30. Rxd5 Qg6 31. Qe3 Re5 32. Rxe5 dxe5 33. Qxc5 fxe4 34. Qc8+
Kg7 35. Qxb7+ Kh6 36. Qxe4 Qxe4 37. fxe4 Rh1 38. Ne1 Rh2+ 39. Ng2 Rh1 40. Ne1 1/2-1/2

[Event "World Senior Teams +50"]
[Site "Radebeul GER"]
[Date "2016.06.27"]
[Round "2.4"]
[Board "3"]
[White "Teichgraeber, Michael"]
[Black "Movsziszian, Karen"]
[Result "0-1"]
[BlackTitle "GM"]
[WhiteElo "2081"]
[BlackElo "2488"]
[WhiteTeam "Schachfreunde Leipzig 50+"]
[BlackTeam "Armenia"]
[WhiteFideId "4683129"]
[BlackFideId "13301152"]
[EventDate "2016.06.26"]

1. c4 d6 2. Nc3 e5 3. g3 g6 4. Bg2 Bg7 5. e4 Nc6 6. d3 Be6 7. Nge2 h5 8. h4 Nh6
9. Nd5 O-O 10. f3 f5 11. Be3 Qd7 12. Qd2 Kh7 13. Ng1 Nd8 14. Nh3 Nhf7 15. exf5
Bxf5 16. Nf2 c6 17. Nc3 d5 18. cxd5 cxd5 19. Bc5 Re8 20. O-O Ne6 21. Ba3 Nd4 22.
Rae1 Rac8 23. g4 Bh6 24. g5 Bg7 25. Rc1 Be6 26. Nh1 Nf5 27. Qf2 a5 28. b3 Rc6
29. Ne2 Rec8 30. Rxc6 Rxc6 31. Rc1 Rxc1+ 32. Bxc1 Qb5 33. Nhg3 Qxd3 34. Nxf5
Bxf5 35. Bf1 Qc2 36. Qb6 d4 37. Ng3 Bd3 38. Qxb7 Bxf1 39. Nxf1 Nd6 40. Qd7 Nf5
41. Bd2 Nxh4 42. Qh3 Nf5 43. Bxa5 Qxa2 44. b4 Qb1 45. Qg2 Bf8 46. Qe2 d3 47. Qf2
Bxb4 48. Qa7+ Ng7 49. Bxb4 Qxb4 50. Qd7 Qd4+ 0-1

[Event "World Senior Teams +50"]
[Site "Radebeul GER"]
[Date "2016.06.27"]
[Round "2.4"]
[Board "4"]
[White "Kalantaryan, Norayr"]
[Black "Schober, Ralf"]
[Result "1-0"]
[WhiteTitle "IM"]
[WhiteElo "2378"]
[BlackElo "2029"]
[WhiteTeam "Armenia"]
[BlackTeam "Schachfreunde Leipzig 50+"]
[WhiteFideId "13300300"]
[BlackFideId "4673140"]
[EventDate "2016.06.26"]

1. d4 Nf6 2. c4 e6 3. Nc3 d5 4. Nf3 c6 5. Bg5 h6 6. Bxf6 Qxf6 7. e3 g6 8. Bd3
Bg7 9. O-O Nd7 10. e4 dxc4 11. Bxc4 O-O 12. e5 Qe7 13. Re1 b5 14. Bb3 Bb7 15.
Rc1 c5 16. Nxb5 a6 17. Nd6 Bxf3 18. Qxf3 cxd4 19. Nc4 Rfd8 20. Rcd1 Qc5 21. Qf4
Nb6 22. Nd6 Rxd6 23. exd6 Rd8 24. Rd3 Qxd6 25. Qxd6 Rxd6 26. f4 Rc6 27. Kf2 Nd7
28. Rd2 Nc5 29. Kf3 Rb6 30. Bc4 a5 31. Rc1 h5 32. Be2 Nd7 33. Rc8+ Nf8 34. Ra8
e5 35. fxe5 Bxe5 36. g3 Kg7 37. Rxa5 f6 38. Bc4 Rb7 39. b3 Re7 40. Rb5 g5 41. a4
Ng6 42. a5 f5 43. a6 f4 44. Rb7 g4+ 45. Kf2 fxg3+ 46. hxg3 Rxb7 47. axb7 h4 48.
Rd3 Kf6 49. Bd5 hxg3+ 50. Rxg3 Kf5 51. Bc6 Nf8 52. b4 1-0

[Event "World Senior Teams +50"]
[Site "Radebeul GER"]
[Date "2016.06.27"]
[Round "2.5"]
[Board "1"]
[White "Graf, Alexander"]
[Black "Gregor, George"]
[Result "1-0"]
[WhiteTitle "GM"]
[WhiteElo "2561"]
[BlackElo "2226"]
[WhiteTeam "Emanuel-Lasker-Gesellschaft"]
[BlackTeam "Sachsen-Anhalt"]
[WhiteFideId "4680804"]
[BlackFideId "4640330"]
[EventDate "2016.06.26"]

1. d4 Nf6 2. c4 g6 3. Nc3 Bg7 4. e4 d6 5. f3 O-O 6. Be3 b6 7. Bd3 Nfd7 8. Nge2
c5 9. b3 Nc6 10. d5 Nb4 11. Rc1 Nxd3+ 12. Qxd3 a6 13. f4 b5 14. O-O bxc4 15.
bxc4 a5 16. Bd2 Nb6 17. Nd1 Bg4 18. Bc3 Na4 19. Bxg7 Kxg7 20. Ng3 Bxd1 21. Qxd1
Qd7 22. e5 f5 23. e6 Qe8 24. Qc2 Ra6 25. Rb1 Nb6 26. Rfc1 Qa8 27. Nf1 Nxd5 28.
cxd5 Qxd5 29. Re1 Qd4+ 30. Ne3 Qxf4 31. Qf2 Kh6 32. Nd5 Qc4 33. Rbd1 Ra7 34. Qb2
Raa8 35. Nxe7 1-0

[Event "World Senior Teams +50"]
[Site "Radebeul GER"]
[Date "2016.06.27"]
[Round "2.5"]
[Board "2"]
[White "Mikolajewski, Armin"]
[Black "Meister, Jakob"]
[Result "0-1"]
[BlackTitle "GM"]
[WhiteElo "2076"]
[BlackElo "2456"]
[WhiteTeam "Sachsen-Anhalt"]
[BlackTeam "Emanuel-Lasker-Gesellschaft"]
[WhiteFideId "24611468"]
[BlackFideId "4102541"]
[EventDate "2016.06.26"]

1. d4 e6 2. c4 Bb4+ 3. Bd2 Bxd2+ 4. Nxd2 Nf6 5. e3 Nc6 6. Ngf3 d6 7. Be2 e5 8.
d5 Ne7 9. O-O Ng6 10. Rc1 Qe7 11. Re1 c5 12. dxc6 bxc6 13. e4 c5 14. Bf1 O-O 15.
Nb1 Bg4 16. Nc3 Nf4 17. Re3 Ne6 18. Be2 Nd4 19. Nd5 Nxd5 20. cxd5 Bxf3 21. Bxf3
Rfb8 22. Rb1 a5 23. Be2 Rb4 24. a3 Rb6 25. Bc4 Qb7 26. b3 a4 27. h3 axb3 28. Qg4
Rxa3 29. Rg3 f6 30. f4 Ra4 31. fxe5 fxe5 32. Qh5 Ra8 33. Qg4 b2 34. Qh5 Qf7 35.
Qd1 Qf4 36. Rg4 Qe3+ 37. Kh2 Rb4 38. Bd3 Rb3 39. Rg3 Qf4 0-1

[Event "World Senior Teams +50"]
[Site "Radebeul GER"]
[Date "2016.06.27"]
[Round "2.5"]
[Board "3"]
[White "Koehler, Gerhard2"]
[Black "Katz, Roland"]
[Result "1/2-1/2"]
[WhiteElo "2201"]
[BlackElo "2057"]
[WhiteTeam "Emanuel-Lasker-Gesellschaft"]
[BlackTeam "Sachsen-Anhalt"]
[WhiteFideId "12909700"]
[BlackFideId "4623916"]
[EventDate "2016.06.26"]

1. c4 c6 2. Nf3 d5 3. e3 Nf6 4. b3 e6 5. Bb2 Nbd7 6. Qc2 Bd6 7. d3 O-O 8. a3 Qe7
9. Nc3 dxc4 10. bxc4 e5 11. Be2 Re8 12. Nd2 Nc5 13. Na4 Bg4 1/2-1/2

[Event "World Senior Teams +50"]
[Site "Radebeul GER"]
[Date "2016.06.27"]
[Round "2.5"]
[Board "4"]
[White "Domaske, Andreas"]
[Black "Paehtz, Thomas"]
[Result "0-1"]
[BlackTitle "GM"]
[WhiteElo "1946"]
[BlackElo "2361"]
[WhiteTeam "Sachsen-Anhalt"]
[BlackTeam "Emanuel-Lasker-Gesellschaft"]
[WhiteFideId "24666319"]
[BlackFideId "4611349"]
[EventDate "2016.06.26"]

1. d4 g6 2. c4 Bg7 3. Nc3 d6 4. e4 Nd7 5. Nf3 e5 6. dxe5 dxe5 7. Bg5 f6 8. Be3
Nh6 9. Bxh6 Bxh6 10. Qd5 Qe7 11. Qa5 c6 12. Be2 Nc5 13. O-O Bg4 14. b4 Ne6 15.
b5 Bxf3 16. Bxf3 Bd2 17. b6 Kf7 18. bxa7 b6 19. Qxb6 Bxc3 20. Rad1 Nd4 21. Rd3
Bb4 22. Rb1 c5 0-1

[Event "World Senior Teams +50"]
[Site "Radebeul GER"]
[Date "2016.06.27"]
[Round "2.6"]
[Board "1"]
[White "Scheuermann, Bernhard"]
[Black "Boensch, Uwe"]
[Result "0-1"]
[BlackTitle "GM"]
[WhiteElo "2229"]
[BlackElo "2545"]
[WhiteTeam "SV Dresden-Striesen 1990 e.V."]
[BlackTeam "Germany 1"]
[WhiteFideId "16203283"]
[BlackFideId "4611268"]
[EventDate "2016.06.26"]

1. e4 c5 2. Nf3 d6 3. d4 cxd4 4. Qxd4 Nc6 5. Bb5 Qd7 6. Qe3 a6 7. Bxc6 Qxc6 8.
Nd4 Qc7 9. Nc3 Nf6 10. O-O e5 11. Nf5 Bxf5 12. exf5 d5 13. Qd3 O-O-O 14. Bg5 e4
15. Qd2 Qe5 16. Bf4 Qxf5 17. Nb5 axb5 0-1

[Event "World Senior Teams +50"]
[Site "Radebeul GER"]
[Date "2016.06.27"]
[Round "2.6"]
[Board "2"]
[White "Bischoff, Klaus"]
[Black "Arenhoevel, Mark"]
[Result "1-0"]
[WhiteTitle "GM"]
[WhiteElo "2500"]
[BlackElo "2090"]
[WhiteTeam "Germany 1"]
[BlackTeam "SV Dresden-Striesen 1990 e.V."]
[WhiteFideId "4600045"]
[BlackFideId "4684540"]
[EventDate "2016.06.26"]

1. c4 e5 2. Nc3 Nc6 3. Nf3 Nf6 4. d3 d5 5. cxd5 Nxd5 6. e3 Be7 7. Be2 O-O 8. O-O
Be6 9. Qc2 Nb6 10. a3 a5 11. b3 f5 12. Rb1 Kh8 13. Na4 Nd7 14. Nd2 Qe8 15. Bf3
Ra6 16. Nc3 Qf7 17. Nb5 Bd8 18. Nc4 Bd5 19. e4 fxe4 20. dxe4 Be6 21. Be2 Qg6 22.
Bb2 Ra8 23. Ne3 Rc8 24. Rbd1 Nb6 25. Nf5 Bxf5 26. exf5 Qf7 27. Bf3 Be7 28. Bxc6
bxc6 29. Na7 Rce8 30. Nxc6 Bd6 31. Rfe1 a4 32. bxa4 Qxf5 33. Qxf5 Rxf5 34. Re4
h6 35. a5 Nd7 36. Bc3 Nc5 37. Rc4 e4 38. Bb4 Nd3 39. Rc2 Rb5 40. a6 Bxb4 41.
axb4 Nxb4 42. Rb2 Reb8 43. Nxb4 c5 44. Nd3 Rd8 45. a7 exd3 1-0